00369nam a2200097Ia 4500008004100000082002200041100002500063245004400088260005400132650008500186211119s9999||||xx |||||||||||||| ||und|| a621.319 21bGAY-O aGayakwad, Ramakant A 0aOP- Amps and Linear Integrated Circuits bPearson India Education ServicesaNew Delhic2000 aTechnologyvEngineering & allied operationsApplied physicsPhysicsxGeneral Stack